[Event "31st Munich OIS A"]
[Site "Munich GER"]
[Date "2011.09.17"]
[Round "1.10"]
[White "Deglmann,L"]
[Black "Eicher,Lukas"]
[Result "1-0"]
[WhiteElo "2329"]
[BlackElo "1969"]

1.g3 e5 2.c4 g6 3.Bg2 Bg7 4.Nc3 Ne7 5.e4 O-O 6.Nge2 d6 7.O-O Nbc6 8.d3 Be6
9.Nd5 Qd7 10.Be3 f5 11.Qd2 Rfe8 12.Rac1 Nd8 13.d4 fxe4 14.Nxe7+ Qxe7 15.d5 Bf5
16.Nc3 Nf7 17.h3 h5 18.Nxe4 Kh7 19.c5 Bh6 20.cxd6 cxd6 21.Rc3 Rec8 22.Rfc1 Rxc3
23.Rxc3 Rc8 24.Rxc8 Bxc8 25.Qc3 Bxe3 26.Qxc8 Bb6 27.h4 Bd8 28.Bf1 Kg7 29.Bd3 b6
30.Kg2 g5 31.Qf5 gxh4 32.Qxh5 hxg3 33.Nxg3 Qg5 34.Qh7+ Kf8 35.Bg6 Qf4 36.Bxf7 Qxf7
37.Qxf7+ Kxf7 38.Kf3 Ke7 39.Kg4 b5 40.Kf5 Bb6 41.Ne4 b4 42.f3 a5 43.b3 Bd8
44.Kg6 Bb6 45.Ng3 Bd8 46.Nf5+ Kd7 47.Kf7 Bc7 48.Ng3 Bb8 49.Ne4 a4 50.Nf6+ Kc7
51.Ke6 Kb6 52.Nd7+  1-0

[Event "TCh-NED Meesterklasse 2011-12"]
[Site "Netherlands NED"]
[Date "2011.09.17"]
[Round "1.2"]
[White "Van der Werf,M"]
[Black "Bok,B"]
[Result "1/2-1/2"]
[WhiteElo "2441"]
[BlackElo "2488"]

1.g3 e5 2.c4 c6 3.d4 Bb4+ 4.Bd2 Bxd2+ 5.Qxd2 d6 6.Nc3 Nf6 7.Bg2 O-O 8.e3 Be6
9.Rd1 Na6 10.b3 exd4 11.Qxd4 Nb4 12.Qd2 Bf5 13.e4 Re8 14.Nge2 Nxe4 15.Nxe4 Bxe4
16.Bxe4 Rxe4 17.Qxb4 Qe7 18.Rd2 Re8  1/2-1/2

[Event "ch-Euro Youth b14"]
[Site "Albena BUL"]
[Date "2011.09.18"]
[Round "7.11"]
[White "Toma,Ra"]
[Black "Reshef,O"]
[Result "1-0"]
[WhiteElo "1996"]
[BlackElo "2169"]

1.c4 e5 2.g3 Nf6 3.Bg2 d5 4.d4 dxc4 5.Qa4+ Qd7 6.Qxd7+ Nbxd7 7.Nf3 exd4 8.Nxd4 c6
9.Bf4 Bb4+ 10.Nc3 Nb6 11.Nxc6 bxc6 12.Bxc6+ Bd7 13.Bxa8 Nxa8 14.O-O-O Nb6
15.f3 Bxc3 16.bxc3 Nfd5 17.Be5 Ne3 18.Bxg7 Rg8 19.Rd4 Rxg7 20.Re4+ Be6 21.Rxe3 Rg5
22.f4 Ra5 23.Rd1 Kf8 24.Rd8+ Kg7 25.g4 Rxa2 26.f5 Bd5 27.g5 Bc6 28.f6+ Kg6
29.Re5 Nd7 30.Rg8+ Kh5 31.g6+ Nxe5 32.gxh7 Ng6 33.Rxg6 Kxg6 34.h8=Q Rxe2
35.Qg7+ Kf5 36.Qxf7 Re6 37.Qxa7 Kxf6 38.Qd4+ Re5 39.Qxc4 Bb5 40.Qd4 Kf5 41.c4 Be8
42.Kd2 Bh5 43.Kc3 Re2 44.Qd3+ Re4 45.c5 Be8 46.h4 Kf4 47.Qd6+ Kf5 48.Qf8+ Kg4
49.Qg7+ Kf5 50.Qg5+ Ke6 51.h5 Re5 52.Qg8+ Bf7 53.Qc8+ Kf6 54.h6 Rh5 55.Qh8+ Ke7
56.Kb4 Rh4+ 57.Kb5 Rc4 58.h7 Be8+ 59.Qxe8+ Kxe8 60.h8=Q+ Kd7  1-0

[Event "TCh-FIN SM-Liiga 2011-12"]
[Site "Joensuu FIN"]
[Date "2011.09.18"]
[Round "2.4"]
[White "Lehtinen,H"]
[Black "Vinke,D"]
[Result "1-0"]
[WhiteElo "2401"]
[BlackElo "2218"]

1.c4 e5 2.g3 Nc6 3.Bg2 g6 4.Nc3 Bg7 5.e4 d6 6.d3 Be6 7.Nge2 Qd7 8.Nd5 Nce7
9.d4 c6 10.Nxe7 Nxe7 11.d5 Bh3 12.O-O Bxg2 13.Kxg2 O-O 14.Be3 f5 15.f3 fxe4
16.fxe4 Rxf1 17.Qxf1 cxd5 18.cxd5 Qb5 19.Bg5 Rf8 20.Qd1 Nc8 21.Qd2 Qd7 22.Nc3 Qg4
23.Be3 h5 24.Qe2 Qxe2+ 25.Nxe2 Bf6 26.Rc1 Rd8 27.Rc7  1-0

[Event "4th Mumbai Mayors Cup"]
[Site "Mumbai IND"]
[Date "2011.09.18"]
[Round "4"]
[White "Rahman,Zia"]
[Black "Rathnakaran,K"]
[Result "0-1"]
[WhiteElo "2528"]
[BlackElo "2386"]

1.c4 e5 2.g3 Nc6 3.Bg2 Nf6 4.Nc3 Bb4 5.Nd5 Nxd5 6.cxd5 Ne7 7.Nf3 Ng6 8.h4 Qf6
9.Qc2 c6 10.a3 Bd6 11.d4 h6 12.h5 Ne7 13.dxe5 Bxe5 14.Nxe5 Qxe5 15.Bf4 Qf6
16.d6 Nd5 17.Bxd5 cxd5 18.Qd2 O-O 19.Qxd5 Re8 20.O-O Rb8 21.Rac1 b6 22.Rc7 Qxb2
23.Rxa7 Qxe2 24.Rc1 Rd8 25.Bd2 Ba6 26.Bc3 Qd3 27.Bd4 Rbc8 28.Rxc8 Bxc8 29.Qe5 f6
30.Qd5+ Kh7 31.Kh2 Ba6 32.Rc7 Bb5 33.Rc3 Qf1 34.Qe4+ Kh8 35.a4 Ba6 36.g4 Qd1
37.Re3 Bb7 38.Qxb7 Qxd4 39.Qc7 Qf4+ 40.Kh3 Rf8 41.Qxd7 Qxf2 42.Qe7 Qf1+ 43.Kg3 Qg1+
44.Kf3 Qf1+ 45.Ke4 f5+ 46.Kd5 Qg2+ 47.Ke6 Qa2+ 48.Kd7 Qxa4+ 49.Kc7 Qc4+ 50.Kb7 Qd5+
51.Kc7 Qc5+ 52.Kb7 Qc8+ 53.Kxb6 Qb8+ 54.Kc6 Qa8+ 55.Kc5 Rc8+ 56.Kd4 Qa1+
57.Kd5 Qa2+ 58.Ke5 Rc5+ 59.Kf4 Qf2+ 60.Rf3 Rc4+ 61.Ke5 Re4+ 62.Kd5 Qxf3 63.Qf8+ Kh7
64.Qxf5+ Qxf5+ 65.gxf5 Re1 66.d7 Rd1+ 67.Ke6 Kg8 68.Ke7 Re1+ 69.Kd6 Kf7  0-1

[Event "4th Mumbai Mayors Cup"]
[Site "Mumbai IND"]
[Date "2011.09.19"]
[Round "5"]
[White "Sangma,R"]
[Black "Banerjee,S"]
[Result "1-0"]
[WhiteElo "2385"]
[BlackElo "2184"]

1.c4 e5 2.g3 Nc6 3.Bg2 f5 4.Nc3 Nf6 5.d3 Bc5 6.e3 O-O 7.Nge2 Qe8 8.O-O d6
9.a3 f4 10.gxf4 Qh5 11.fxe5 Ng4 12.h3 Ncxe5 13.Nf4 Qh4 14.d4 g5 15.dxc5 gxf4
16.exf4 Kh8 17.Ne4 Nf6 18.fxe5 Nxe4 19.Qd4 Bf5 20.exd6+ Rf6 21.d7 Rd8 22.Qe5 Rg8
23.d8=Q Rxd8 24.Bf4 Rg8 25.Bg3 Qh6 26.Bxe4 Bxh3 27.Bg2 Bd7 28.Rad1 Bc6 29.Bxc6 bxc6
30.Rd4 Qg7 31.Rg4 Qxg4 32.Qxf6+ Rg7 33.Re1 h5 34.Re7  1-0

[Event "4th Mumbai Mayors Cup"]
[Site "Mumbai IND"]
[Date "2011.09.19"]
[Round "5"]
[White "Prakash,G"]
[Black "Dzhumaev,M"]
[Result "0-1"]
[WhiteElo "2332"]
[BlackElo "2492"]

1.c4 e5 2.g3 Nc6 3.Bg2 f5 4.Nc3 Nf6 5.d3 d6 6.e4 Be7 7.Nge2 Be6 8.Nd5 Qd7
9.O-O fxe4 10.dxe4 O-O 11.f3 h5 12.Be3 h4 13.g4 Nh7 14.Qd2 Nd8 15.g5 h3 16.Bh1 g6
17.f4 Nc6 18.Rf2 exf4 19.Nexf4 Bxg5 20.Raf1 Ne5 21.Nxe6 Qxe6 22.Rxf8+ Rxf8
23.Rxf8+ Kxf8 24.Nxc7 Qg4+ 25.Kf1 Nxc4 26.Qf2+ Kg8  0-1

[Event "4th Mumbai Mayors Cup"]
[Site "Mumbai IND"]
[Date "2011.09.22"]
[Round "9"]
[White "Prakash,G"]
[Black "Roy Chowdhury,S"]
[Result "1/2-1/2"]
[WhiteElo "2332"]
[BlackElo "2427"]

1.c4 e5 2.g3 Nc6 3.Bg2 Nf6 4.Nc3 Bb4 5.Nd5 Bc5 6.e3 O-O 7.Ne2 d6 8.O-O Nxd5
9.cxd5 Ne7 10.d3 Bb6 11.b4 c6 12.Nc3 cxd5 13.Nxd5 Be6 14.Nxb6 Qxb6 15.a4 Rfd8
16.b5 Rac8 17.Bd2 Qc7 18.Qe2 Qd7  1/2-1/2

[Event "4th Mumbai Mayors Cup"]
[Site "Mumbai IND"]
[Date "2011.09.23"]
[Round "10"]
[White "Gagare,Shar"]
[Black "Siddharth,R"]
[Result "0-1"]
[WhiteElo "2264"]
[BlackElo "2387"]

1.c4 e5 2.g3 Nc6 3.Bg2 f5 4.Nc3 Nf6 5.e3 d5 6.cxd5 Nb4 7.d3 Nfxd5 8.Nxd5 Nxd5
9.Nf3 Bd6 10.O-O c6 11.e4 fxe4 12.Nxe5 Nf6 13.d4 Qe7 14.Nc4 O-O 15.Bg5 h6
16.Nxd6 hxg5 17.Nxc8 Raxc8 18.Qb3+ Qf7 19.Rae1 Qxb3 20.axb3 Rfe8 21.Ra1 a6
22.Rfe1 Rcd8 23.Ra4 Kf8 24.Kf1 Rd5 25.Rc4 g4 26.Re3 Ra5 27.Rc1 Rb5 28.Rce1 Rb4
29.Bxe4 Nxe4 30.Rxe4 Rxe4 31.Rxe4 Rxb3 32.Rf4+ Kg8 33.Rxg4 Rxb2 34.Re4 a5
35.Re2 Rb1+ 36.Re1 Rb4 37.Re8+ Kh7 38.Ra8 a4 39.Ke2 Rxd4 40.f4 b5 41.f5 Rd7
42.g4 g6 43.f6 g5 44.Rc8 a3 45.Rxc6 Ra7 46.f7 Kg7 47.Rf6 Rxf7 48.Ra6 b4 49.Ra4 Rb7
50.Kd2 Kf6 51.Kc2 Ke5 52.Kb3 Kf4 53.h3 Kg3 54.Ra5 Kh4 55.Rf5 Ra7 56.Rf1 a2
57.Ra1 Kxh3 58.Kxb4 Kxg4 59.Kb3 Kh3 60.Kb2 Kh2 61.Kc2 g4 62.Kd2 g3 63.Ke2 g2  0-1

[Event "Vasteras Open"]
[Site "Vasteras SWE"]
[Date "2011.09.23"]
[Round "3"]
[White "Blomqvist,E"]
[Black "Logdahl,H"]
[Result "0-1"]
[WhiteElo "2469"]
[BlackElo "2220"]

1.c4 e5 2.g3 Nc6 3.Bg2 f5 4.Nc3 Nf6 5.d3 Bb4 6.Bd2 O-O 7.a3 Bxc3 8.Bxc3 d6
9.b4 Qe8 10.Qd2 a6 11.Nf3 Bd7 12.Bb2 h6 13.O-O-O b5 14.Qc2 Rb8 15.cxb5 Rxb5
16.Nd2 Kh8 17.Nb3 Rb6 18.Qc3 a5 19.bxa5 Rb5 20.a4 Rb4 21.Bxc6 Rxb3 22.Qxb3 Bxc6
23.Qc4 Bxh1 24.Rxh1 Qa8 25.f3 Qxa5 26.Bc3 Qa7 27.Kd2 Rb8 28.Ra1 d5 29.Qa2 d4
30.Bb2 Qa5+ 31.Kc2 Nd5 32.Qa3 c5 33.Bc1 Nb4+ 34.Kd1 e4 35.Bd2 exf3 36.exf3 Qa8
37.Ke2 Nc2 38.Qa2 Nxa1 39.Qxa1 Re8+ 40.Kf2 Qd5 41.a5 Qe6 42.Qd1 c4 43.dxc4 Qxc4
44.h4 d3 45.Be3 Qc2+ 46.Qxc2 dxc2 47.Bd2 Ra8 48.Ke2 Rxa5  0-1

[Event "Caissa GM Sept 2011"]
[Site "Kecskemet HUN"]
[Date "2011.09.24"]
[Round "8.3"]
[White "Fodor,T jr"]
[Black "Estrada Nieto,J"]
[Result "1-0"]
[WhiteElo "2476"]
[BlackElo "2285"]

1.c4 e5 2.g3 Nf6 3.Bg2 c6 4.d4 Bb4+ 5.Bd2 Bxd2+ 6.Qxd2 d6 7.Nc3 O-O 8.e3 Be6
9.b3 exd4 10.Qxd4 d5 11.cxd5 Nxd5 12.Nxd5 cxd5 13.Ne2 Nc6 14.Qa4 Qb6 15.O-O Rfd8
16.Rfd1 Qb4 17.Qxb4 Nxb4 18.Rd2 a5 19.Rad1 a4 20.a3 Nc6 21.b4 Bg4 22.Kf1 Ne5
23.Rxd5 Rxd5 24.Rxd5 f6 25.Rd4 Rc8 26.h3 Bf3 27.Bxf3 Nxf3 28.Rd7 b5 29.Rb7 Rc2
30.Nf4 Nd2+ 31.Kg1 Ne4 32.Ne6 g6 33.Rg7+ Kh8 34.Re7 Kg8 35.Nd4 Rc1+ 36.Kg2 f5
37.g4 Nd6 38.Rd7 Nc4 39.gxf5 gxf5 40.Nxb5 Ra1 41.Ra7 Nb2 42.Kf3 Nd3 43.Rxa4 Ra2
44.Nd6 Rxf2+ 45.Kg3 Re2 46.Nxf5 Kf7 47.Ra6 Ra2 48.b5 Nc5 49.Rc6 Ne4+ 50.Kf4 Nf6
51.e4 Rxa3 52.Rc7+ Kf8 53.Ke5 Ne8 54.Rxh7 Rb3 55.Ke6 Kg8 56.Re7 Kf8 57.h4 Rc3
58.Rf7+ Kg8 59.Ne7+  1-0

[Event "TCh-HUN 2011-12"]
[Site "Zalaegerszeg HUN"]
[Date "2011.09.25"]
[Round "1"]
[White "Medvegy,Z"]
[Black "Horvath,Gy1"]
[Result "1-0"]
[WhiteElo "2531"]
[BlackElo "2364"]

1.c4 e5 2.g3 Nf6 3.Bg2 c6 4.d4 exd4 5.Qxd4 d5 6.cxd5 cxd5 7.Nh3 Nc6 8.Qd1 Be7
9.a3 O-O 10.O-O Bf5 11.Nf4 Be4 12.Nd2 Bc5 13.Nxe4 dxe4 14.e3 Qxd1 15.Rxd1 Rad8
16.Bd2 Bd6 17.Ne2 Be5 18.Nc3 Na5 19.Be1 b6 20.Bf1 Nb3 21.Rxd8 Rxd8 22.Rd1 Rxd1
23.Nxd1 Nc5 24.Bc4 Na4 25.b3 Nb2 26.Nxb2 Bxb2 27.a4 g6 28.h3 h5 29.Kf1 Kg7
30.Ke2 Nd7 31.Bd5 f5 32.f3 exf3+ 33.Bxf3 Kf6 34.Bc6 Ne5 35.Bg2 Ke6 36.e4 Bd4
37.Bd2 Kf6 38.Bb4 Ke6 39.Bd2 Kf6 40.Bf4 Ke6 41.Be3 Bc3 42.Kd1 Kf6 43.Ke2 Ke6
44.exf5+ Kxf5 45.Bb7 Ke6 46.Be4 Kf6 47.Kd1 Ke6 48.Bf2 g5 49.Be3 Kf6 50.Ke2 Bb4
51.Bd4 Ke6 52.Be3 Kf6 53.Bf3 h4 54.gxh4 gxh4 55.Be4 Bc5 56.Bd2 a5 57.Bc3 Ke6
58.Be1 Be7 59.Bf2 Bd8 60.Ke3 Bg5+ 61.Ke2 Bd8 62.Bb7 Kf5 63.Ke3 Bg5+ 64.Kd4 Ke6
65.Ke4 Bd8 66.Be3 Ng6 67.Bc8+ Kd6 68.Ba6 Kc6 69.Kf5 Ne7+ 70.Ke6 Ng6 71.Bd3 Ne7
72.Be4+ Kc7 73.Bg5 Ng8 74.Bf4+ Kc8 75.Bd3 Bc7 76.Bxc7 Kxc7 77.Kf7 Nh6+ 78.Kg7  1-0

[Event "Tatry Open"]
[Site "Tatranske Zruby SVK"]
[Date "2011.09.26"]
[Round "2.51"]
[White "Gettler,D"]
[Black "Mozna Hojdarova,E"]
[Result "1-0"]
[WhiteElo "1999"]
[BlackElo "1941"]

1.c4 e5 2.g3 g6 3.Bg2 Bg7 4.Nc3 Ne7 5.e3 O-O 6.d4 d6 7.Nge2 c6 8.O-O Nd7
9.b3 exd4 10.Nxd4 Nc5 11.Ba3 Qa5 12.Bb2 Nf5 13.Nde2 Qc7 14.Qd2 a5 15.Rad1 Rd8
16.e4 Ne7 17.h3 f5 18.Kh2 fxe4 19.Nxe4 Nxe4 20.Bxe4 Bxb2 21.Qxb2 d5 22.cxd5 cxd5
23.Bg2 Bf5 24.Rd4 Qc5 25.Qd2 Rac8 26.f4 Qc7 27.Bxd5+ Nxd5 28.Rxd5 Be4 29.Rd4 Rxd4
30.Qxd4 Qc2 31.Rf2 Qb1 32.g4 Qh1+ 33.Kg3 Bc6 34.f5 Re8 35.fxg6 hxg6 36.Qf6 Re3+
37.Kf4 Qe4+ 38.Kg5 Qe5+ 39.Qxe5 Rxe5+ 40.Kxg6 Re6+ 41.Kg5 Re5+ 42.Kf6 Re3
43.Nf4 Rg3 44.g5 a4 45.bxa4 Bxa4 46.Rd2 Kh7 47.g6+  1-0

[Event "Belgrade Premier League 2011"]
[Site "Belgrade SRB"]
[Date "2011.10.02"]
[Round "2.6"]
[White "Certic,B"]
[Black "Hrzic,I"]
[Result "1-0"]
[WhiteElo "2400"]
[BlackElo "2319"]

1.c4 e5 2.g3 Nc6 3.Bg2 f5 4.Nc3 Nf6 5.a3 g6 6.d3 Bg7 7.e4 d6 8.Nge2 O-O 9.O-O Qe8
10.Nd5 Qf7 11.Bg5 Nd8 12.exf5 gxf5 13.f4 c6 14.Ne3 Qg6 15.Bh4 Nh5 16.d4 e4
17.Rb1 Nf7 18.b4 a6 19.d5 Bd7 20.g4 fxg4 21.f5 Bxf5 22.Nxf5 Rfe8 23.Nxg7 Nxg7
24.Nf4 Qh6 25.Qxg4 Kh8 26.Ne6 Nxe6 27.Rxf7  1-0

[Event "Belgrade Premier League 2011"]
[Site "Belgrade SRB"]
[Date "2011.10.03"]
[Round "3.2"]
[White "Jovic,A"]
[Black "Dudukovic,N"]
[Result "1/2-1/2"]
[WhiteElo "2368"]
[BlackElo "2252"]

1.c4 e5 2.g3 Nc6 3.Bg2 g6 4.Nc3 Bg7 5.Rb1 f5 6.b4 d6 7.b5 Nd4 8.e3 Ne6 9.Nge2 Nf6
10.Nd5 O-O 11.O-O h6 12.f4 e4 13.d3 exd3 14.Nxf6+ Qxf6 15.Qxd3 Nc5 16.Qc2 Re8
17.Nd4 Kh7 18.Re1 Qe7 19.Ba3 Ne4 20.Bb4 a5 21.Ba3 b6 22.Rbd1 Bb7 23.Bb2 Qf7
24.Bh3 Nf6 25.Bf1  1/2-1/2

[Event "FSFMA Oct"]
[Site "Budapest HUN"]
[Date "2011.10.03"]
[Round "3"]
[White "Johansen,Ar"]
[Black "Juracsik,J"]
[Result "0-1"]
[WhiteElo "2075"]
[BlackElo "2178"]

1.c4 e5 2.g3 Nc6 3.Bg2 g6 4.Nc3 Bg7 5.e3 d6 6.Nge2 Nge7 7.O-O O-O 8.d3 Be6
9.Nd5 Qd7 10.Re1 Rab8 11.Rb1 Kh8 12.b4 Ng8 13.b5 Nce7 14.Nec3 c6 15.Nxe7 Nxe7
16.Qa4 f5 17.Bd2 c5 18.Qxa7 e4 19.Qa3 Ra8 20.Qb3 d5 21.dxe4 fxe4 22.a4 dxc4
23.Qc2 Bh3 24.Bxe4 Nf5 25.Ne2 Nd6 26.Bh1 Rae8 27.Bc3 Bf5 28.Bxg7+ Qxg7 29.e4 Bxe4
30.Bxe4 Nxe4 31.Nf4 Ng5 32.Rxe8 Rxe8 33.Qxc4 Nf3+ 34.Kg2 Nd2 35.Qd3 Nxb1
36.Qxb1 Qd4  0-1

[Event "Belgrade Premier League 2011"]
[Site "Belgrade SRB"]
[Date "2011.10.04"]
[Round "4.5"]
[White "Jovanovic,Zo1 SCG"]
[Black "Dimitrijevic,R"]
[Result "1/2-1/2"]
[WhiteElo "2320"]
[BlackElo "2230"]

1.c4 e5 2.g3 Nc6 3.Bg2 g6 4.Nc3 Bg7 5.e4 d6 6.d3 Nge7 7.Nge2 O-O 8.O-O Be6
9.Be3 Nd4 10.Nd5 Nxe2+ 11.Qxe2 c6 12.Nxe7+ Qxe7 13.f4 f5 14.exf5 Bxf5 15.Bf2 Qd7
16.fxe5 Bxe5 17.d4 Bg7 18.d5 c5 19.Qd2 Rae8 20.Rae1 Bg4 21.Kh1 Bh3 22.Bg1 Rxf1
23.Rxf1 Bxg2+ 24.Qxg2 Qg4 25.Rf4 Qd1 26.Re4 Rxe4 27.Qxe4 Bd4 28.Qe8+  1/2-1/2

[Event "Belgrade Premier League 2011"]
[Site "Belgrade SRB"]
[Date "2011.10.04"]
[Round "4.5"]
[White "Certic,B"]
[Black "Radusinovic,L"]
[Result "1/2-1/2"]
[WhiteElo "2400"]
[BlackElo "2308"]

1.c4 e5 2.g3 d6 3.Bg2 Nc6 4.Nc3 Be6 5.d3 Qd7 6.Bd2 Be7 7.Nd5 Nf6 8.b4 O-O
9.b5 Nd8 10.Rb1 h6 11.e4 c6 12.Nxe7+ Qxe7 13.Ne2 Qd7 14.h3 d5 15.cxd5 cxd5
16.a4 dxe4 17.dxe4 Bc4 18.Bb4 Qxd1+ 19.Rxd1 Re8 20.Rc1 Bd3 21.Nc3 Ne6 22.f3 Rad8
23.Kf2 Rd4 24.Ba3 Bc4 25.Bf1 Bxf1 26.Rhxf1 Rd2+ 27.Ke1 Rh2 28.Ne2 Nh5 29.Rf2 Rxh3
30.Rg2 Rh1+ 31.Kf2 Rxc1 32.Bxc1 Rc8 33.Rh2 Nf6 34.Bb2 Nc5 35.Ke3 Nxa4 36.Bxe5 Re8
37.Kf4 g5+ 38.Kf5 Nd7 39.f4 f6  1/2-1/2

[Event "FSFMA Oct"]
[Site "Budapest HUN"]
[Date "2011.10.05"]
[Round "5"]
[White "Johansen,Ar"]
[Black "Jensen,Le1"]
[Result "1/2-1/2"]
[WhiteElo "2075"]
[BlackElo "2019"]

1.c4 e5 2.g3 g6 3.Bg2 Bg7 4.Nc3 c6 5.e3 f5 6.Nge2 d6 7.O-O Nf6 8.d4 O-O 9.b3 Re8
10.Bb2 e4 11.Rc1 Na6 12.a3 Nc7 13.Qc2 d5 14.cxd5 Ncxd5 15.Nxd5 Nxd5 16.Nc3 Nxc3
17.Qxc3 Be6  1/2-1/2

[Event "20th TCh-CRO 1b"]
[Site "Sibenik CRO"]
[Date "2011.10.05"]
[Round "2.2"]
[White "Medak,B"]
[Black "Sertic,Ru"]
[Result "1-0"]
[WhiteElo "2382"]
[BlackElo "2430"]

1.c4 e5 2.g3 Nf6 3.Bg2 Be7 4.Nc3 O-O 5.Nf3 Nc6 6.d4 exd4 7.Nxd4 Ne5 8.b3 d6
9.O-O c6 10.Qc2 a5 11.Rd1 Qc7 12.Bb2 Re8 13.Rd2 Bf8 14.Rad1 g6 15.h3 Bh6
16.e3 Bf8 17.Nde2 Be6 18.Ba3 Rad8 19.f4 Ned7 20.Nd4 Nh5 21.g4 Bxg4 22.hxg4 Nhf6
23.Bf3 Rxe3 24.Kg2 h6 25.Nde2 Nb8 26.Rd3 Rxd3 27.Qxd3 Be7 28.Ne4 Nxe4 29.Bxe4 Bf8
30.f5 g5 31.Bb2 Nd7 32.Ng3 f6 33.Bf3 Be7 34.Ne4 Ne5 35.Bxe5 dxe5 36.Qe2 Kg7
37.Rxd8 Qxd8 38.Qd2 Qxd2+ 39.Nxd2 Kf7 40.Ne4 c5 41.Nc3 b6 42.Bd5+  1-0

[Event "20th TCh-CRO 1a"]
[Site "Sibenik CRO"]
[Date "2011.10.07"]
[Round "4.3"]
[White "Naiditsch,A"]
[Black "Martinovic,Sa"]
[Result "1-0"]
[WhiteElo "2707"]
[BlackElo "2513"]

1.c4 e5 2.g3 Nc6 3.Bg2 g6 4.Nc3 Bg7 5.h4 Nf6 6.d3 d6 7.Nd5 h6 8.Bd2 Nd4 9.Nxf6+ Qxf6
10.e3 Ne6 11.Bc3 O-O 12.Ne2 Rb8 13.O-O g5 14.hxg5 hxg5 15.g4 Nf4 16.exf4 gxf4
17.f3 Qh6 18.d4 Be6 19.d5 Bd7 20.Be1 f5 21.Nc3 e4 22.g5 Qxg5 23.fxe4 Bxc3
24.Bxc3 fxe4 25.Qd4 f3 26.Qh8+ Kf7 27.Qh7+  1-0

[Event "TCh-ISL Div1 2011-12"]
[Site "Reykjavik ISL"]
[Date "2011.10.08"]
[Round "2.2"]
[White "Johannesson,I"]
[Black "Thorfinnsson,Bj"]
[Result "1-0"]
[WhiteElo "2333"]
[BlackElo "2412"]

1.c4 e5 2.g3 Nf6 3.Bg2 h6 4.Nc3 Bb4 5.Nf3 Bxc3 6.dxc3 d6 7.Nd2 O-O 8.e4 b5
9.cxb5 a6 10.b6 cxb6 11.Nc4 Qc7 12.Ne3 Nc6 13.O-O Ne7 14.Qd3 Bb7 15.Rd1 Rfd8
16.c4 b5 17.Nd5 Nfxd5 18.cxd5 Rac8 19.Be3 Qc2 20.Qa3 f5 21.f3 fxe4 22.fxe4 Qe2
23.Rd2 Qg4 24.Bb6 Rd7 25.Qf3 h5 26.Qxg4 hxg4 27.Bf1 Rb8 28.Ba5 Bc8 29.Rc1 b4
30.Be2 b3 31.a3 Kf8 32.Bxg4 Rdb7 33.Be2 Bh3 34.Rd3 Rc8 35.Rxc8+ Bxc8 36.Rf3+ Ke8
37.Bxa6 Rb8 38.Bc7 Ra8 39.Bb5+ Bd7 40.Rxb3 Bxb5 41.Rxb5 Kd7 42.Ba5 Ng8 43.Rb7+ Ke8
44.Bb4 Nf6 45.Bxd6 Nxe4 46.Rb8+  1-0

[Event "TCh-BEL 2011-12"]
[Site "Belgium BEL"]
[Date "2011.10.09"]
[Round "1.8"]
[White "Bauduin,E"]
[Black "Van de Wynkele,E"]
[Result "1-0"]
[WhiteElo "2225"]
[BlackElo "2086"]

1.c4 e5 2.g3 Nc6 3.Nc3 g6 4.Bg2 Bg7 5.e4 d6 6.Nge2 Be6 7.d3 Qd7 8.Nd5 Nd8
9.d4 f5 10.exf5 gxf5 11.Bg5 Nf7 12.Bh4 c6 13.Ne3 Qc7 14.d5 Bd7 15.Qc2 Ngh6
16.g4 f4 17.Nf5 Nxf5 18.gxf5 Bh6 19.dxc6 bxc6 20.Bf3 Bg5 21.Bxg5 Nxg5 22.Bh5+ Ke7
23.h4 Nf7 24.Rg1 Nh6 25.f6+ Kxf6 26.O-O-O Raf8 27.Nxf4 Nf5 28.Qc3 Rhg8 29.Rge1 Nxh4
30.c5 dxc5 31.Qxc5 Rc8 32.Rd6+ Kg5 33.Qxe5+ Bf5 34.Rg1+  1-0

[Event "TCh-BEL 2011-12"]
[Site "Belgium BEL"]
[Date "2011.10.09"]
[Round "1.1"]
[White "Eichhorn,An"]
[Black "Levin,F"]
[Result "1-0"]
[WhiteElo "2326"]
[BlackElo "2482"]

1.c4 e5 2.g3 Nc6 3.Nc3 Bc5 4.Bg2 d6 5.e3 a6 6.Nge2 Ba7 7.b3 Nge7 8.O-O Bf5
9.d4 exd4 10.Nxd4 Nxd4 11.exd4 Rb8 12.Bg5 f6 13.Be3 O-O 14.Nd5 Re8 15.Rc1 Ng6
16.h4 c6 17.h5 Nf8 18.Nf4 h6 19.Qd2 Nh7 20.f3 Ng5 21.Bf2 Qd7 22.Rfe1 Ne6
23.g4 Nxf4 24.Qxf4 Bh7 25.Bg3 Rbd8 26.Bf1 Rxe1 27.Rxe1 d5 28.Kg2 Bb8 29.Qd2 Bxg3
30.Kxg3 dxc4 31.bxc4 Kf8 32.Rd1 c5 33.d5 b5 34.d6 Qc6 35.Kg2 Bg8 36.cxb5 axb5
37.Qa5 Ra8 38.d7  1-0

[Event "FSFMA Oct"]
[Site "Budapest HUN"]
[Date "2011.10.09"]
[Round "9"]
[White "Johansen,Ar"]
[Black "Atnilov,Bo"]
[Result "0-1"]
[WhiteElo "2075"]
[BlackElo "2075"]

1.c4 e5 2.g3 Nf6 3.Bg2 d5 4.cxd5 Nxd5 5.Nc3 Be6 6.Nf3 Nc6 7.d3 Be7 8.O-O O-O
9.Nxd5 Bxd5 10.a3 f5 11.Be3 Bf6 12.Qd2 Qd7 13.Rac1 Rad8 14.Ne1 Rf7 15.Bxd5 Qxd5
16.Rc5 Qd6 17.b4 Ne7 18.Bg5 Bxg5 19.Qxg5 Nc6 20.Qc1 Nd4 21.Qb2 b6 22.Rc1 Re8
23.e3 Ne6 24.Rd1 f4 25.Nf3 Nf8 26.e4 Ng6 27.Kg2 Qd7 28.Qb3 fxg3 29.fxg3 Qe6
30.Qxe6 Rxe6 31.d4 exd4 32.Rxd4 Rf8 33.Rc4 c6 34.h4 Ref6 35.Nd2 Ne5 36.Rxf6 Rxf6
37.Rd4 Rf8 38.Rd6 Kf7 39.Rd4 Ke6 40.Nc4  0-1

[Event "20th TCh-CRO 1b"]
[Site "Sibenik CRO"]
[Date "2011.10.09"]
[Round "6.4"]
[White "Medak,B"]
[Black "Maras,M"]
[Result "1-0"]
[WhiteElo "2382"]
[BlackElo "2244"]

1.c4 e5 2.g3 Nc6 3.Bg2 g6 4.Nc3 Bg7 5.e3 Nge7 6.Nge2 O-O 7.O-O d6 8.d3 a6
9.Bd2 Bf5 10.e4 Be6 11.Nd5 a5 12.a3 b6 13.b4 Bg4 14.f3 Bd7 15.Qb3 h6 16.Rac1 Kh7
17.Bc3 Nd4 18.Nxd4 exd4 19.Bd2 axb4 20.axb4 c5 21.Nxe7 Qxe7 22.Ra1 Bc6 23.Bf4 Qc7
24.Bh3 Rfe8 25.Rfb1 Bf8 26.bxc5 Rxa1 27.Rxa1 bxc5 28.Ra6 Ra8 29.Rxa8 Bxa8
30.Qb5 Qd8 31.Bd2 Kg7 32.f4 Qe7 33.f5 g5 34.Qb8 Qb7 35.f6+ Kg8 36.Qxb7 Bxb7
37.Bd7 Kh7 38.Bf5+ Kg8 39.Bd7 Kh7 40.Ba5 h5 41.Bd8 g4 42.Be7 Kg8  1-0

[Event "49th ch-IND NatA"]
[Site "Aurangabad IND"]
[Date "2011.10.10"]
[Round "2"]
[White "Venkatesh,M"]
[Black "Himanshu,Sh"]
[Result "1/2-1/2"]
[WhiteElo "2479"]
[BlackElo "2421"]

1.c4 e5 2.g3 Nf6 3.Bg2 d5 4.cxd5 Nxd5 5.Nc3 Nb6 6.Nf3 Nc6 7.O-O Be7 8.a3 O-O
9.b4 f6 10.d3 Be6 11.Rb1 Qd7 12.Ne4 Nd5 13.Qc2 a5 14.Nc5 Bxc5 15.bxc5 Ra7
16.Bd2 a4 17.Rfc1 Rc8 18.Rb2 Nde7 19.Qb1 Nd8 20.h4 Nec6 21.Bc3 Bd5 22.e4 Bf7
23.Rd2 Ne6 24.Bh3 Qe7 25.d4 exd4 26.Bxd4 Bh5 27.Qa2 Re8 28.Bg2 Kh8 29.Be3 Raa8
30.Rb2 Na5 31.Nd2 Bf7 32.Qb1 Nd8 33.Rb4 Nb3 34.Rc3 Qd7 35.Qd3 Qc8 36.Qb5 Ra5
37.Qf1 Nc6 38.Rb5 Rd8 39.Rxa5 Ncxa5 40.Nf3 Qe6 41.Bf4 Nc4 42.Bxc7 Re8 43.e5 Nxc5
44.Bh3 Qc6 45.e6 Bxe6 46.Bxe6 Nxe6 47.Qxc4 Nxc7 48.Qxc6 bxc6 49.Rxc6 Nb5
50.Ra6 Nxa3  1/2-1/2

[Event "TCh-MNE 1st League"]
[Site "Tivat MNE"]
[Date "2011.10.10"]
[Round "3.5"]
[White "Raicevic,M"]
[Black "Konjevic,Djordje"]
[Result "1/2-1/2"]
[WhiteElo "2379"]
[BlackElo "2314"]

1.c4 e5 2.g3 g6 3.Bg2 Bg7 4.Nc3 Ne7 5.e3 Nbc6 6.Nge2 Nf5 7.O-O O-O 8.b3 a6
9.Bb2 Rb8 10.d3 Re8 11.Qd2 d6 12.Nd5 Nce7 13.d4 c6 14.Nxe7+ Qxe7 15.e4 Bh6
16.Qc3 Ng7 17.h3 f5 18.dxe5 dxe5 19.Rad1 f4 20.gxf4 exf4 21.Rd3 Be6 22.Rf3 Rf8
23.Qe5 g5 24.Rd1 Rbe8 25.Rd6 Rf7 26.Nd4 g4 27.hxg4 Qg5 28.Qxg5 Bxg5 29.Nxe6 Nxe6
30.Rd1 Bd8 31.Rfd3 Bb6 32.b4 c5 33.a3 Ng5 34.Rd6 Bc7 35.Rd7 f3 36.Rxf7 Kxf7
37.Bc1 Rxe4 38.Bxg5 Rxg4 39.Rd7+ Kg6 40.Rxc7 Rxg5 41.Rxb7 Rxg2+ 42.Kf1 Rg4
43.bxc5  1/2-1/2

[Event "20th TCh-CRO 1b"]
[Site "Sibenik CRO"]
[Date "2011.10.12"]
[Round "9.5"]
[White "Galic,I2"]
[Black "Tesic,D"]
[Result "1-0"]
[WhiteElo "2354"]
[BlackElo "2379"]

1.c4 e5 2.g3 Nc6 3.Bg2 g6 4.Nc3 Bg7 5.d3 d6 6.Rb1 a5 7.e3 Be6 8.Nd5 Nf6 9.Ne2 O-O
10.O-O Qd7 11.Nec3 Rab8 12.Re1 Rfe8 13.a3 Ne7 14.b4 axb4 15.axb4 h6 16.b5 Nexd5
17.Nxd5 c6 18.bxc6 bxc6 19.Rxb8 Rxb8 20.Nxf6+ Bxf6 21.Qf3 Bd8 22.Qxc6 Qxc6
23.Bxc6 Rb3 24.Rd1 Bf5 25.Be4 Bxe4 26.dxe4 Bc7 27.Bd2 Rb2 28.Kf1 Rc2 29.Ke2 Rxc4
30.Rc1 Rxc1 31.Bxc1 f5 32.Kd3 Kf7 33.exf5 gxf5 34.e4 fxe4+ 35.Kxe4 Bb6 36.f3 h5
37.Kd5 Bc5 38.Bg5 Bb4 39.h3 Bc5 40.Bd2 Kf6 41.g4 Kg6 42.Bc1 hxg4 43.fxg4 Bf2
44.Bd2 Bg3 45.Kxd6 e4+ 46.Kd5  1-0

[Event "20th TCh-CRO 1a"]
[Site "Sibenik CRO"]
[Date "2011.10.12"]
[Round "9.3"]
[White "Golubovic,B"]
[Black "Vitic,I"]
[Result "1-0"]
[WhiteElo "2409"]
[BlackElo "2297"]

1.c4 e5 2.g3 Nf6 3.Bg2 d5 4.cxd5 Nxd5 5.Nc3 Nb6 6.Nf3 Nc6 7.O-O Be7 8.a3 O-O
9.b4 Be6 10.Rb1 a6 11.d3 f5 12.Bb2 Bf6 13.Nd2 Rb8 14.Ba1 Kh8 15.Nb3 Nd4 16.Nc5 Bc8
17.e3 Ne6 18.Qc2 c6 19.Rfd1 Re8 20.Nb3 Qe7 21.Na5 Bd7 22.a4 Nd8 23.b5 axb5
24.axb5 c5 25.Nc4 Nxc4 26.dxc4 Be6 27.Nd5 Bxd5 28.Rxd5 g6 29.Rbd1 b6 30.Rd7 Qf8
31.Qa2 Ne6 32.Qa7 Ng7 33.Rf7  1-0

[Event "11th Winterthur Open"]
[Site "Winterthur SUI"]
[Date "2011.10.13"]
[Round "7"]
[White "Haas,Ca"]
[Black "Rausis,I"]
[Result "0-1"]
[WhiteElo "2212"]
[BlackElo "2497"]

1.c4 e5 2.g3 c6 3.d4 e4 4.Bg2 d5 5.Nc3 f5 6.cxd5 cxd5 7.e3 Nf6 8.Nge2 Nc6
9.a3 Bd6 10.b4 Be6 11.Bd2 O-O 12.Na4 b6 13.b5 Ne7 14.Bb4 Bxb4+ 15.axb4 Qd6
16.Qb3 g5 17.h4 h6 18.hxg5 hxg5 19.Rc1 Kg7 20.Nac3 Bd7 21.Ra1 Rfc8 22.Ra4 Rc7
23.Qa3 Qe6 24.Bf1 Nc8 25.Nc1 Nd6 26.Qa1 Qe8 27.Ra2 Qc8 28.Kd2 Qe8 29.Rc2 Rac8
30.N1a2 Bxb5 31.Bxb5 Qxb5 32.Qf1 Qxf1 33.Rxf1 Nc4+ 34.Ke2 Na3 35.Rcc1 a6
36.Kd2 Kg6 37.Ke2 Kf7 38.Rh1 Kg7 39.Kd2 Nc4+ 40.Ke2 Nb2 41.Rc2 Nd3 42.Rb1 Rh8
43.Rd2 Rh2 44.Rf1 b5 45.Kd1 Ng4 46.Nxd5 Ngxf2+ 47.Ke2 Rc4 48.Nb6 Ng4+  0-1